América Latina, Europa Occidental y Estados Unidos: ¿ un nuevo triángulo Atlántico ? /
Bewaard in:
| Hoofdauteur: | |
|---|---|
| Andere auteurs: | |
| Formaat: | Texto |
| Gepubliceerd in: |
Buenos Aires:
Grupo editor Latinoamericano
|
| Tags: |
Voeg label toe
Geen labels, Wees de eerste die dit record labelt!
|
MARC
| LEADER | 00000 a a2200000 04500 | ||
|---|---|---|---|
| 001 | 24681 | ||
| 003 | |||
| 040 | |a CRAI/IIS |c CRAI/IIS | ||
| 020 | |a 950-9432-07-5 | ||
| 090 | |a 177600 | ||
| 100 | |a Grabendorff, Wolf | ||
| 245 | |a América Latina, Europa Occidental y Estados Unidos: ¿ un nuevo triángulo Atlántico ? / |c Wolf Grabendorff | ||
| 260 | |a Buenos Aires: |b Grupo editor Latinoamericano | ||
| 300 | |a 389 p. | ||
| 700 | |a Roett, Riordan | ||
| 999 | |c 15403 |d 15403 | ||



